Statistics for 30 Airport codes

Click here to take the quiz!

General Stats

  • This quiz has been taken 23 times
  • The average score is 23 of 30

Answer Stats

CityAirport Code% Correct
Atlanta, GeorgiaATL
100%
Denver, ColoradoDEN
100%
Los Angeles, CaliforniaLAX
100%
Miami, FloridaMIA
100%
Phoenix, ArizonaPHX
100%
Boston, MassachusettsBOS
86%
Honolulu, HawaiiHNL
86%
Indianapolis, IndianaIND
86%
Las Vegas, NevadaLAS
86%
Ontario, CanadaONT
86%
San Diego, CaliforniaSAN
86%
San Francisco, CaliforniaSFO
86%
St. Louis, MissouriSTL
86%
Newark, New JerseyEWR
81%
Orlando, FloridaMCO
81%
Chicago, O'Hare, IllinoisORD
81%
Jacksonville, FloridaJAX
76%
Savannah, GeorgiaSAV
76%
Tampa, FloridaTPA
76%
Detroit, MichiganDTW
71%
Fort Lauderdale, FloridaFLL
71%
Minneapolis/St. Paul, MinnesotaMSP
71%
Baltimore/Washington, MarylandBWI
67%
New Orleans, LouisianaMSY
62%
Kansas City, MissouriMCI
52%
West Palm Beach, FloridaPBI
52%
Fort Meyers, FloridaRSW
52%
Sacramento, CaliforniaSMF
48%
Orange County, CaliforniaSNA
48%
Hartford, ConnecticutBDL
43%

Score Distribution

Percentile by Number Answered

Percent of People with Each Score

Your Score History

You have not taken this quiz